Alicia en el país de las maravillas
Gespeichert in:
| 1. Verfasser: | |
|---|---|
| Format: | Buch |
| Sprache: | Spanisch |
| Veröffentlicht: |
Buenos Aires
Accenture
2015
|
| Ausgabe: | 1a. ed |
| Schlagworte: | |
| Tags: |
Tag hinzufügen
Keine Tags, Fügen Sie den ersten Tag hinzu!
|
MARC
| LEADER | 00000cam a2200000 a 4500 | ||
|---|---|---|---|
| 001 | UCD1554 | ||
| 003 | CL-VaPUC | ||
| 008 | 160310e20151000ag |||||||||||||||||spa|d | ||
| 020 | |a 9789872327866 | ||
| 082 | 0 | 4 | |a 823 |b CAR |2 21 |
| 100 | 0 | |a Caroll, Lewis |e author |9 584663 | |
| 245 | 1 | 0 | |a Alicia en el país de las maravillas |
| 250 | |a 1a. ed | ||
| 300 | |a 186 p | ||
| 942 | |c BK | ||
| 945 | |d 20160310 23:10:00 |a arojas | ||
| 260 | |a Buenos Aires |b Accenture |c 2015 | ||
| 650 | 0 | |a Novelas inglesas |9 265220 | |
| 650 | 0 | |a Literatura inglesa |9 312907 | |
| 650 | 0 | |a Literatura fantástica |9 266050 | |
| 583 | |a last modification |c 20160310 23:10:00 |k Rodrigo Vera | ||
| 999 | |c 362842 |d 362840 | ||
| 952 | |0 0 |1 0 |3 erd |4 0 |6 823_000000000000000_CAR_2015 |7 0 |8 A |9 474365 |a BIBING |b BIBING |i 5265908 |o 823 CAR 2015 |p 5265908 |r 2025-01-20 |w 2019-11-24 |y BK |z Catalogado en:20160310 |k ING | ||